000 00360 a2200133 4500
082 _a070.4
090 _c3201
_d3201
100 _aAhsan, Akhtar Naz.
245 _aTaraqi pasand tehreek -o- sahafat Muqalmaat
_cAhsan Akhtar Naz.
260 _aLahore:
_bAl-Qamer Interprise,
_c2008.
300 _a256 p. ;
_c24 cm.
650 _a Journalism
942 _cBK
_k070.4 ASH
999 _c7116
_d7116